000 00464nam a2200193 a 4500
005 20140412111303.0
008 010126s19uu xx 00 eng d
020 _a0-7214-4467-9
050 _aER
_bSl1 1996
050 _aER
_bSl1
245 _aSleeping Beauty.
260 _aLeicestershire, UK :
_bLadybird Books Ltd.
300 _a43 p. ; ill.
440 _aDisney
650 _aFairytales
650 _aFolk tales
999 _c103525
_d103525